139_ Personnalités nées un 19 mai par images - Statistiques

Statistiques générales
  • Ce quiz a été pris 22 fois
  • Le résultat moyen est 3 sur 9
Statistiques - réponses
Par images Hint Réponse % Correct
Journaliste Sophie Davant
86%
Catcheur André Roussimoff / André The Giant
50%
Militant Malcolm X
41%
Dirigeant Politique Pol Pot
41%
Dirigeant Politique Hô Chi Minh
32%
Humoriste Fernand Raynaud
23%
Chanteuse Grace Jones
23%
Chanteur Yuri Buenaventura
5%
Militaire Joseph Marie de Pernety
0%
Aucun quiz correspondant
Distribution des résultats
% des personnes avec chaque résultat
Percentile par nombre de réponses
Votre historique - résultats
Vous n’avez pas pris ce quiz